00623 2200205 4500001002100000005001700021008004100038035002400079082001000103090001800113245007100131260009000202300002400292650003600316850002100352980001400373985000600387986000900393999001500402YOGYA-0209000004256220090227025857.0 ind  0010-020900000042562 a959.8 a959.8bPedlT aPEDOMAN pelaksanaan peringatan hari sumpah pemuda ke 42 tahun 1970 aJakartabPanitia Pusat Hari-Hari Bersedjarah Seksi Pelaksana Hari Sumpah Pemudac1970 a20 hlmbilusc21 cm aSumpah pemuda 1928 - Peringatan aYOPDYOG [TRM 29] a31-7-2007 a1 aRuni a07A0024630